| 000 | 00857cab a2200289 4500 | ||
|---|---|---|---|
| 001 | ABS52672 | ||
| 008 | 090401t1995 xxu||||| |||| 00| 0 eng d | ||
| 035 | _a(Sirsi) u90024 | ||
| 041 | _aeng | ||
| 100 | _aBarrick, A. | ||
| 245 | _aArrested development | ||
| 260 | _c1995 | ||
| 350 | _a0 | ||
| 490 |
_aBuilding _v260(7889) 21 April 1995, 18-20(3) |
||
| 520 | _aReports on the new requirement for NHS trusts to seek private finance for building projects before requests for public funding will be considered. | ||
| 650 | _aCONSTRUCTION COMPANIES | ||
| 650 | _aFUNDING | ||
| 650 | _aHEALTH BUILDINGS | ||
| 650 | _aHEALTH SECTOR | ||
| 650 | _aHOSPITALS | ||
| 650 | _aNHS TRUSTS | ||
| 650 | _aPRIVATE FINANCE INITIATIVE | ||
| 650 | _aPRIVATE FINANCE | ||
| 690 | _aBUILDING AND CONSTRUCTION-PROJECTS | ||
| 942 | _n0 | ||
| 948 | _c04/03/1997 | ||
| 999 |
_c57005 _d57005 |
||